• 首页
  • 本馆介绍
  • 公告通知
  • 最新文献
  • 馆藏检索
  • 电子资源
  • 读者导购
  • 参考咨询
  • 我的图书馆
  • 登录
  • 详细信息显示
  • 放入我的书架
  • 预约/预借图书
  • 作者相关作品
  • 分类相关作品
  • 丛书相关作品
  • 出版社相关作品

书目信息

  • 表格格式
  • 工作单格式
  • 卡片格式
题名:
中国的文字
    
 
作者: 聂鸿音 著
分册:  
出版信息: 北京   人民教育出版社  1989.03
页数: 116页
开本: 19cm
丛书名:
单 册:
中图分类: H004.2
科图分类:
主题词: 语言--分布--中国
电子资源:
ISBN: 7-107-10166-8
000 00532nam0 2200193 45
001 0404241681
005 20050420142140.9
010    @a7-107-10166-8@dCNY1.60
100    @a20040424d1989 km y0chiy0120 ea
101 0  @achi
105    @a z 000yy
200 1  @a中国的文字@AZhong Guo De Wen Zi@f聂鸿音著@FNie Hong Yin Zhu
210    @a北京@c人民教育出版社@d1989.03
215    @a116页@d19cm
606 0  @a语言@x分布@x中国
690    @aH004.2@v3
701  0 @a聂鸿音@4著
801    @aCN@bPftUser@c20040424
905    @dH004.2@e58@f1@b221748
    
    中国的文字/聂鸿音著.-北京:人民教育出版社,1989.03
    116页;19cm
    
    
    ISBN 7-107-10166-8:CNY1.60
    
●
相关链接 在E读中查询图书 在五车中查询图书 在当当中查询图书 在豆瓣中查询图书


正题名:中国的文字     索取号:H004.2/58         预约/预借

序号 登录号 条形码 馆藏地/架位号 状态 备注
1 0221748   002026024   第四借阅区/ [索取号:H004.2/58] 在馆    
2 0221749   000821016   第四借阅区/ [索取号:H004.2/58] 在馆    
3 0221750   000821007   第二样本阅览室/ [索取号:H004.2/58] 在馆    
唐山师范学院图书馆 欢迎您!
大连网信软件有限公司© 版权所有